00964 2200337 4500001002100000005001500021035002000036007000300056008004100059020002200100040002200122082001200144084001400156090001800170090002200188100004000210245007900250250003100329300003100360650002100391700001800412850001200430041000800442504003000450264003000480264002000510336002100530337003000551338002300581990002200604INLIS00000000084809920190611024214 a0010-0619000054ta190611t2018 yoi f ind  a978-979-21-5749-9 aYOPDYOGbinderda04223a248 a248 BON s aDEP 248 BON s aCB-D.11 2018-26510 aBonefasius Jehandutd1964-epenulis10aSpiritualitas sehati sejiwa /cpenulis, Bonefasius Jehandut; editor, Victi aCetakan pertama tahun 2018 axii, 180 halaman ;c21 cm 4aIbadah (Kristen)0 aVictieeditor aYOPDYOG0 aind aBibliografi : halaman 17831aSleman :bKanisius,c2018 4a© 2018 penulis 2rdacontentateks 2rdamediaatanpa perantara 2rdacarrieravolume aCB-D.11/2018-2651